Score 0/20 Timer 02:00
0 Plays Today
Clue 5-Letter Word % Correct
Beauty's partnerBEAST
98.1%
Make like a tree?LEAVE
92.4%
Rental contractLEASE
92.2%
BragBOAST
91.2%
Superlatively small amountLEAST
88%
Bread's edgeCRUST
87.2%
ShoreCOAST
84.6%
2004 Oscar winnerCRASH
83%
Lift up or throwHEAVE
82.9%
Intense infatuationCRUSH
80.9%
Clue 5-Letter Word % Correct
Famed psychoanalyist SigmundFREUD
74.8%
Reese Witherspoon's '___ Intentions'CRUEL
70.8%
Not lightHEAVY
67.3%
Deceit or trickeryFRAUD
60.9%
Vessel for holding oil or vinegar at the tableCRUET
58.7%
'The' 'Rock the Casbah' bandCLASH
56.4%
'With Arms Wide Open' bandCREED
48.1%
Rock fragmentCLAST
46.4%
'Rock & Roll' coiner AlanFREED
40%
A basket for holding fishCREEL
39.6%

Today's Daily Dose

Remove Ads.
Support Sporcle.
Get the best of Sporcle when you Go Orange. This ad-free experience offers more features, more stats, and more fun while also helping to support Sporcle. Thank you for becoming a member.

You're not logged in!

Compare scores with friends on all Sporcle quizzes.
OR
Log In

Show Comments

Extras

Top Quizzes Today


Score Distribution

Your Account Isn't Verified!

In order to create a playlist on Sporcle, you need to verify the email address you used during registration. Go to your Sporcle Settings to finish the process.

Report this User

Report this user for behavior that violates our Community Guidelines.

Details: